[Event "Kostroma Volga Cup op"]
[Site "Kostroma"]
[Date "2009.07.??"]
[Round "2"]
[White "Khamko, Kristina"]
[Black "Prohorov, Sergey"]
[Result "0-1"]
[WhiteElo "1563"]
[BlackElo "2135"]
[PlyCount "46"]
[EventDate "2009.07.03"]
[EventType "swiss"]
[EventRounds "9"]
[EventCountry "RUS"]
[SourceTitle "EXT 2021"]
[Source "ChessBase"]
[SourceDate "2020.10.23"]
[SourceVersion "1"]
[SourceVersionDate "2020.10.23"]
[SourceQuality "1"]

1. d4 d5 2. c4 c6 3. Nc3 Nf6 4. Bf4 a6 5. a4 Bf5 6. e3 e6 7. Bd3 Bxd3 8. Qxd3 Bd6 9. Bg5 Nbd7 10. Bxf6 Nxf6 11. Nf3 0-0 12. 0-0 Re8 13. c5 Bc7 14. Nd2 e5 15. f3 exd4 16. exd4 Nh5 17. Ne2 Qh4 18. g3 Nxg3 19. hxg3 Bxg3 20. Nxg3 Qxg3+ 21. Kh1 Re6 22. Rf2 Rh6+ 23. Rh2 Rxh2# 0-1

[Event "Rybinsk op"]
[Site "Rybinsk"]
[Date "2009.06.19"]
[Round "9"]
[White "Prohorov, Sergey"]
[Black "Bochkov, Artem"]
[Result "0-1"]
[WhiteElo "2135"]
[BlackElo "2003"]
[PlyCount "108"]
[EventDate "2009.06.14"]
[EventType "swiss"]
[EventRounds "9"]
[EventCountry "RUS"]
[SourceTitle "CBM 131 Extra"]
[Source "ChessBase"]
[SourceDate "2009.09.03"]
[SourceVersion "2"]
[SourceVersionDate "2009.09.16"]
[SourceQuality "1"]

1. d4 Nf6 2. c4 g6 3. Nc3 Bg7 4. e4 d6 5. f3 0-0 6. Be3 Nc6 7. Nge2 e5 8. d5 Ne7 9. Qd2 a6 10. Nc1 Nd7 11. Nb3 f5 12. Bd3 f4 13. Bf2 c5 14. dxc6 bxc6 15. Be2 Nf6 16. 0-0-0 d5 17. cxd5 cxd5 18. exd5 Bf5 19. Bd3 Kh8 20. Be4 Rc8 21. Kb1 Rxc3 22. Qxc3 Nxe4 23. fxe4 Bxe4+ 24. Ka1 Nxd5 25. Qd2 Bxg2 26. Bc5 Bxh1 27. Bxf8 Qxf8 28. Rxh1 Ne3 29. Rc1 h6 30. a3 Nf5 31. Qd7 Qe7 32. Rc8+ Kh7 33. Qd5 g5 34. Nc5 g4 35. Qe4 Kg6 36. Rc6+ Bf6 37. Nd3 Kg5 38. Nb4 Qd7 39. Rxa6 Qd4 40. Qc2 f3 41. Nd3 Ne3 42. Qd2 Kf5 43. Re6 Bg5 44. Re8 Nd5 45. Qc2 Ne3 46. Rf8+ Bf6 47. Qc8+ Kg5 48. Nc5 Qd1+ 49. Ka2 f2 50. Rxf6 Kxf6 51. Qf8+ Kg5 52. Qe7+ Kh5 53. Qe8+ Kh4 54. Qe7+ Kh3 0-1

[Event "Rybinsk op"]
[Site "Rybinsk"]
[Date "2009.06.16"]
[Round "4"]
[White "Morozov, Egor"]
[Black "Prohorov, Sergey"]
[Result "0-1"]
[WhiteElo "1961"]
[BlackElo "2135"]
[PlyCount "130"]
[EventDate "2009.06.14"]
[EventType "swiss"]
[EventRounds "9"]
[EventCountry "RUS"]
[SourceTitle "CBM 131 Extra"]
[Source "ChessBase"]
[SourceDate "2009.09.03"]
[SourceVersion "2"]
[SourceVersionDate "2009.09.16"]
[SourceQuality "1"]

1. d4 d5 2. g3 Nf6 3. Bg2 c6 4. c4 Bf5 5. Nc3 e6 6. Nf3 h6 7. 0-0 Ne4 8. Qb3 Qb6 9. c5 Qxb3 10. axb3 Na6 11. Nd2 Nxd2 12. Bxd2 e5 13. e3 Be7 14. Rfc1 exd4 15. exd4 Bf6 16. Ra4 Nc7 17. Be3 a6 18. Bf1 g5 19. Rd1 0-0 20. Rd2 Rfe8 21. Ra1 Re7 22. Bd3 Bxd3 23. Rxd3 Rae8 24. Kg2 Kg7 25. Rd2 Kg6 26. g4 h5 27. h3 Bg7 28. Ne2 f5 29. gxf5+ Kxf5 30. Rg1 Bf6 31. Kh2 Ne6 32. Ng3+ Kg6 33. Rdd1 Ng7 34. Rd3 Nf5 35. Nxf5 Kxf5 36. Rgd1 Re4 37. Kg2 Bd8 38. b4 Bc7 39. b3 R8e7 40. R1d2 Rh4 41. Rd1 g4 42. hxg4+ hxg4 43. Rh1 Rxh1 44. Kxh1 Rh7+ 45. Kg1 Ke4 46. Rd1 Kf3 47. Rd3 Ke4 48. Rd1 Rh3 49. Kg2 Bf4 50. Bxf4 Kxf4 51. Rb1 Rd3 52. b5 axb5 53. b4 Rxd4 54. Kf1 Rd2 55. Ra1 Rb2 56. Ra7 Rxb4 57. Rxb7 Rc4 58. Ke2 Rxc5 59. Kd3 Rc4 60. Rf7+ Ke5 61. Rf8 Kd6 62. Rd8+ Kc5 63. Rb8 b4 64. Rg8 Rd4+ 65. Kc2 Kc4 0-1

[Event "Rybinsk op"]
[Site "Rybinsk"]
[Date "2009.06.16"]
[Round "5"]
[White "Prohorov, Sergey"]
[Black "Toivonen, Alexander"]
[Result "0-1"]
[WhiteElo "2135"]
[BlackElo "2289"]
[PlyCount "68"]
[EventDate "2009.06.14"]
[EventType "swiss"]
[EventRounds "9"]
[EventCountry "RUS"]
[SourceTitle "CBM 131 Extra"]
[Source "ChessBase"]
[SourceDate "2009.09.03"]
[SourceVersion "2"]
[SourceVersionDate "2009.09.16"]
[SourceQuality "1"]

1. e4 e5 2. c4 Nc6 3. g3 f5 4. exf5 Nf6 5. Nc3 Bc5 6. Bg2 0-0 7. a3 a5 8. d3 d6 9. g4 Nd4 10. h3 h6 11. Nf3 c6 12. Nxd4 Bxd4 13. Be3 Qb6 14. Qd2 Nd7 15. Rb1 a4 16. 0-0 Nc5 17. Bxd4 exd4 18. Ne4 Nxe4 19. Bxe4 Bd7 20. Rfe1 Qd8 21. Re2 Qh4 22. Kg2 g6 23. fxg6 Kg7 24. f3 Rae8 25. Qe1 Qg5 26. Qd2 d5 27. cxd5 cxd5 28. f4 Rxf4 29. Bf3 Ref8 30. Rbe1 Kxg6 31. Rf1 h5 32. Ref2 hxg4 33. Bxg4 Bxg4 34. Rxf4 Bxh3+ 0-1

[Event "Rybinsk op"]
[Site "Rybinsk"]
[Date "2009.06.14"]
[Round "1"]
[White "Prohorov, Sergey"]
[Black "Velikodvorskaya, Regina"]
[Result "1-0"]
[WhiteElo "2135"]
[BlackElo "1728"]
[PlyCount "77"]
[EventDate "2009.06.14"]
[EventType "swiss"]
[EventRounds "9"]
[EventCountry "RUS"]
[SourceTitle "CBM 131 Extra"]
[Source "ChessBase"]
[SourceDate "2009.09.03"]
[SourceVersion "2"]
[SourceVersionDate "2009.09.16"]
[SourceQuality "1"]

1. e4 e6 2. d3 d5 3. Nd2 Nf6 4. g3 b6 5. Bg2 Bb7 6. Ne2 Be7 7. 0-0 0-0 8. h3 Nbd7 9. f4 dxe4 10. dxe4 e5 11. Kh2 Nc5 12. fxe5 Nfxe4 13. Nxe4 Bxe4 14. Bxe4 Nxe4 15. Qe1 Ng5 16. Nf4 Qd7 17. h4 Ne6 18. Nh5 Qc6 19. c3 Rad8 20. Qe2 Nc5 21. Rf4 Kh8 22. Be3 Nd3 23. Rg4 Rg8 24. Bd4 Nc5 25. Rf1 Qe6 26. Rgf4 Rdf8 27. Qf3 g6 28. Nf6 Rg7 29. h5 g5 30. Rf5 h6 31. Ng4 Nd7 32. Qe4 c5 33. Be3 Kg8 34. b3 Kh8 35. Bc1 Rh7 36. Bb2 f6 37. c4 Qf7 38. e6 Qxh5+ 39. Kg2 1-0

[Event "Kostroma Volga Cup op"]
[Site "Kostroma"]
[Date "2008.07.??"]
[Round "6"]
[White "Prohorov, Sergey"]
[Black "Sotnikov, Maxim"]
[Result "1/2-1/2"]
[WhiteElo "2168"]
[BlackElo "1979"]
[PlyCount "68"]
[EventDate "2008.07.??"]
[EventType "swiss"]
[EventRounds "9"]
[EventCountry "RUS"]
[SourceTitle "EXT 2009"]
[Source "ChessBase"]
[SourceDate "2008.11.26"]
[SourceVersion "1"]
[SourceVersionDate "2008.11.26"]
[SourceQuality "1"]

1. d4 d5 2. c4 c6 3. Nf3 Nf6 4. Nc3 e6 5. e3 Nbd7 6. Qc2 Bd6 7. b3 Qe7 8. Bd3 b6 9. 0-0 Bb7 10. e4 dxe4 11. Nxe4 Nxe4 12. Bxe4 Nf6 13. Bd3 h6 14. Nd2 c5 15. d5 exd5 16. cxd5 0-0 17. Ne4 Nxe4 18. Bxe4 Qe5 19. g3 Bxd5 20. Bf4 Qxe4 21. Qxe4 Bxe4 22. Bxd6 Rfd8 23. Rad1 Bf3 24. Rd2 Rd7 25. Bf4 Rxd2 26. Bxd2 Rd8 27. Be3 f6 28. h3 h5 29. Rc1 Kf7 30. Kf1 Ke6 31. Ke1 Rd3 32. Bd2 Bb7 33. Rc3 Rd5 34. Re3+ Kd7 1/2-1/2

[Event "Kostroma Volga Cup op"]
[Site "Kostroma"]
[Date "2008.07.??"]
[Round "7"]
[White "Ulyashev, Nikolai"]
[Black "Prohorov, Sergey"]
[Result "1/2-1/2"]
[WhiteElo "1716"]
[BlackElo "2168"]
[PlyCount "66"]
[EventDate "2008.07.??"]
[EventType "swiss"]
[EventRounds "9"]
[EventCountry "RUS"]
[SourceTitle "EXT 2009"]
[Source "ChessBase"]
[SourceDate "2008.11.26"]
[SourceVersion "1"]
[SourceVersionDate "2008.11.26"]
[SourceQuality "1"]

1. e4 c5 2. Nf3 d6 3. d4 cxd4 4. Nxd4 Nf6 5. Nc3 a6 6. g3 g6 7. Bg2 Bg7 8. 0-0 0-0 9. Re1 Qb6 10. Nb3 Bg4 11. Nd5 Nxd5 12. Qxg4 Nb4 13. Qe2 Nd7 14. c3 Nc6 15. Be3 Qc7 16. f4 Rac8 17. Rad1 b5 18. Nd4 Nxd4 19. cxd4 Qc4 20. Qxc4 Rxc4 21. e5 Nb6 22. b3 Rc2 23. Rd2 Rc7 24. Rdd1 d5 25. Rc1 Rfc8 26. Rxc7 Rxc7 27. Rc1 Rxc1+ 28. Bxc1 e6 29. Ba3 Bf8 30. Bxf8 Kxf8 31. Bf1 Nd7 32. a4 bxa4 33. bxa4 a5 1/2-1/2